Light (Record no. 15810)

000 -LEADER
fixed length control field 00520nam a22002051 4500
001 - CONTROL NUMBER
control field 15810
003 - CONTROL NUMBER IDENTIFIER
control field BD-DhUET
008 - FIXED-LENGTH DATA ELEMENTS--GENERAL INFORMATION
fixed length control field 921020s1963 enk 000 0 eng d
040 ## - CATALOGING SOURCE
Original cataloging agency DLC
Transcribing agency DLC
Modifying agency BD-DhUET
082 ## - DEWEY DECIMAL CLASSIFICATION NUMBER
Classification number 535
Item number DIT/1963
100 1# - MAIN ENTRY--PERSONAL NAME
Personal name Ditchburn, R. W.
245 10 - TITLE STATEMENT
Title Light
250 ## - EDITION STATEMENT
Edition statement 2nd ed.
260 ## - PUBLICATION, DISTRIBUTION, ETC. (IMPRINT)
Place of publication, distribution, etc. London
Name of publisher, distributor, etc. Blackie & Son
Date of publication, distribution, etc. 1963
300 ## - PHYSICAL DESCRIPTION
Extent xii, 833 p.
Other physical details ill.
490 ## - SERIES STATEMENT
Series statement Titles in the E. L. B. S. Low-Priced textbook series
504 ## - BIBLIOGRAPHY, ETC. NOTE
Bibliography, etc Includes bibliographies
650 #0 - SUBJECT ADDED ENTRY--TOPICAL TERM
Topical term or geographic name as entry element Light
942 ## - ADDED ENTRY ELEMENTS (KOHA)
Koha item type General Book
Holdings
Withdrawn status Koha full call number Date acquired Koha item type Price effective from Location (home branch) Source of classification or shelving scheme Koha normalized classification for sorting Not for loan Koha date last seen Copy number Shelving location Lost status Piece designation (barcode) Sublocation or collection (holding branch) Damaged status
 535/DIT/19632015-03-15General Book2015-03-15Central Library, BUET 535_000000000000000_DIT_1963 2015-03-151Circulation section 13453Central Library, BUET 
 535/DIT/19632015-03-19General Book2015-03-19Central Library, BUET 535_000000000000000_DIT_1963 2015-03-192Circulation section 13450Central Library, BUET 
 535/DIT/19632015-03-19General Book2015-03-19Central Library, BUET 535_000000000000000_DIT_1963 2015-03-193Circulation section 20826Central Library, BUET 
 535/DIT/19632015-03-21General Book2015-03-21Central Library, BUET 535_000000000000000_DIT_1963 2015-03-214Circulation section 16978Central Library, BUET 
 535/DIT/19632015-03-21General Book2015-03-21Central Library, BUET 535_000000000000000_DIT_1963 2015-03-215Circulation section 13451Central Library, BUET 
 535/DIT/19632015-03-21General Book2015-03-21Central Library, BUET 535_000000000000000_DIT_1963 2015-03-216Circulation section 20825Central Library, BUET 
 535/DIT/19632015-03-21General Book2015-03-21Central Library, BUET 535_000000000000000_DIT_1963 2015-03-217Circulation section 5241Central Library, BUET 
 535/DIT/19632015-03-21General Book2015-03-21Central Library, BUET 535_000000000000000_DIT_1963 2015-03-218Circulation section 13452Central Library, BUET